[Event "London Chess Classic FIDE Open"]
[Site "London ENG"]
[Date "2010.12.15"]
[Round "9"]
[White "Coleman, David J"]
[Black "Arkell, Keith C"]
[Result "1/2-1/2"]
[WhiteTitle "CM"]
[BlackTitle "GM"]
[WhiteElo "2247"]
[BlackElo "2431"]
[WhiteFideId "402087"]
[BlackFideId "400270"]
[EventDate "2010.12.08"]

1. e4 g6 2. d4 Bg7 3. Nc3 c6 4. f4 b5 5. a4 b4 6. Na2 a5 7. Nf3 Nf6 8. e5 Ne4 9.
Be3 d5 10. Bd3 f5 11. Nc1 Ba6 12. Nb3 Nd7 13. Qe2 Qb6 14. g3 e6 15. Kf1 Bf8 16.
Kg2 Be7 17. Rhc1 h6 18. Nfd2 Bb7 19. Kg1 Kf7 20. c4 bxc3 21. bxc3 Ba6 22. Rab1
Bxd3 23. Qxd3 Qa6 24. Qxa6 Rxa6 25. Nxe4 fxe4 26. Nc5 Ra7 27. Rb2 g5 28. Rf1
Bxc5 29. dxc5 gxf4 30. Rxf4+ Ke7 31. Bd4 h5 32. Rh4 Raa8 33. Rb7 Raf8 34. Ra7
Rf5 35. Rf4 Rg8 36. Kf2 Rxf4+ 37. gxf4 h4 38. Kf1 h3 39. Bf2 Rg2 40. Bh4+ Ke8
41. Ra8+ Kf7 42. Ra7 Rxh2 43. Rxd7+ Kg6 44. f5+ Kxf5 45. Rf7+ Kg4 46. Bf2 e3 47.
Bxe3 Rc2 48. Bf2 Rxc3 49. Rh7 Rc1+ 50. Ke2 Rc2+ 51. Kf1 Kf4 52. Rxh3 Kxe5 53.
Re3+ Kf5 54. Rf3+ Ke5 55. Re3+ Kf6 56. Rf3+ Ke7 57. Re3 Ra2 58. Bg3 Rxa4 59.
Bd6+ Kd7 60. Rf3 Ra1+ 61. Ke2 Ra2+ 62. Kd1 a4 63. Rf7+ Kd8 64. Rf8+ Kd7 65. Rf7+
Kd8 1/2-1/2

[Event "London Chess Classic FIDE Open"]
[Site "London ENG"]
[Date "2010.12.15"]
[Round "9"]
[White "Quillan, Gary"]
[Black "Tate, Alan"]
[Result "1-0"]
[WhiteTitle "IM"]
[WhiteElo "2385"]
[BlackElo "2234"]
[WhiteFideId "401153"]
[BlackFideId "2401878"]
[EventDate "2010.12.08"]

1. e4 c5 2. Nf3 d6 3. Bb5+ Nd7 4. d4 Nf6 5. O-O cxd4 6. Qxd4 a6 7. Bxd7+ Bxd7 8.
Bg5 e6 9. Nc3 Be7 10. Rad1 Qc7 11. Rfe1 Rd8 12. Nd5 exd5 13. exd5 Kf8 14. Rxe7
Kxe7 15. Re1+ Be6 16. dxe6 Rde8 17. Nh4 Qa5 18. Bxf6+ gxf6 19. b4 Qg5 20. Qe4
Kd8 21. e7+ Kc7 22. Nf5 Rhg8 23. Qc4+ Kb8 24. Qd5 Ka8 25. g3 Qf4 26. c4 1-0

[Event "London Chess Classic FIDE Open"]
[Site "London ENG"]
[Date "2010.12.15"]
[Round "9"]
[White "Anderton, Matthew N"]
[Black "Berry, Neil"]
[Result "1/2-1/2"]
[BlackTitle "FM"]
[WhiteElo "2227"]
[BlackElo "2346"]
[WhiteFideId "403237"]
[BlackFideId "2400650"]
[EventDate "2010.12.08"]

1. e4 d6 2. d4 Nf6 3. Nc3 e5 4. Nf3 Nbd7 5. Bc4 Be7 6. O-O O-O 7. a4 c6 8. Ba2
a5 9. Qe2 exd4 10. Nxd4 Nc5 11. Rd1 Qb6 12. h3 Be6 13. Be3 Qb4 14. Bxe6 fxe6 15.
Na2 Qxb2 16. Rdb1 Qa3 17. Nc1 Qc3 18. Na2 Qa3 19. Nc1 1/2-1/2

[Event "London Chess Classic FIDE Open"]
[Site "London ENG"]
[Date "2010.12.15"]
[Round "9"]
[White "Piper, Matthew S"]
[Black "Wallace, Paul"]
[Result "1/2-1/2"]
[WhiteElo "2343"]
[BlackElo "2231"]
[WhiteFideId "401463"]
[BlackFideId "2500892"]
[EventDate "2010.12.08"]

1. e4 e5 2. Nf3 Nc6 3. d4 exd4 4. Nxd4 Qf6 5. Be3 Bc5 6. c3 Nge7 7. Bc4 O-O 8.
O-O Bb6 9. Nc2 d6 10. Bxb6 axb6 11. f4 Na5 12. Bd3 g6 13. Nd2 Nac6 14. Ne3 Qh4
15. f5 Ne5 16. Nf3 Qh6 17. Qe2 f6 18. Nd4 Bd7 19. Bb5 Bc8 20. Bc4+ Kh8 21. Nb5
d5 22. Nxc7 Ra4 23. b3 Rxc4 24. bxc4 dxe4 25. Ncd5 Nxf5 26. Nxf5 Bxf5 27. Rab1
e3 28. Rxb6 Bd3 29. Qxe3 Qxe3+ 30. Nxe3 Bxf1 31. Kxf1 Rf7 32. Ke2 1/2-1/2

[Event "London Chess Classic FIDE Open"]
[Site "London ENG"]
[Date "2010.12.15"]
[Round "9"]
[White "Crouch, Colin S"]
[Black "Britton, Richard L"]
[Result "1-0"]
[WhiteTitle "IM"]
[BlackTitle "FM"]
[WhiteElo "2335"]
[BlackElo "2229"]
[WhiteFideId "400947"]
[BlackFideId "401692"]
[EventDate "2010.12.08"]

1. d4 Nf6 2. Nf3 g6 3. Bg5 Bg7 4. Nbd2 O-O 5. c3 d6 6. e4 c5 7. dxc5 dxc5 8. Bc4
Nc6 9. Qe2 Qc7 10. h3 h6 11. Be3 Na5 12. Bd3 Be6 13. g4 Nh7 14. Nh4 Rad8 15. Bc2
Bf6 16. Ng2 g5 17. h4 b5 18. hxg5 hxg5 19. e5 1-0

[Event "London Chess Classic FIDE Open"]
[Site "London ENG"]
[Date "2010.12.15"]
[Round "9"]
[White "Wall, Gavin"]
[Black "Haydon, David L"]
[Result "1-0"]
[WhiteTitle "IM"]
[WhiteElo "2325"]
[BlackElo "2218"]
[WhiteFideId "2501244"]
[BlackFideId "415405"]
[EventDate "2010.12.08"]

1. e4 c6 2. d4 d5 3. f3 Nd7 4. c3 e6 5. Bf4 dxe4 6. fxe4 Ngf6 7. Nd2 Be7 8. g4
h6 9. Qe2 g5 10. Be3 h5 11. Bxg5 Nxg4 12. Bxe7 Qxe7 13. O-O-O e5 14. h3 Ngf6 15.
Ngf3 b5 16. Qh2 b4 17. dxe5 bxc3 18. exf6 cxd2+ 19. Rxd2 Nxf6 20. Bd3 Qc5+ 21.
Kb1 Be6 22. Rc1 Qa5 23. a3 Rd8 24. Rxc6 Rg8 25. Qf2 Qa4 26. Qc5 Nd7 27. Rxe6+
fxe6 28. Qxh5+ Ke7 29. Qh7+ Kf6 30. Qh4+ Kf7 31. Ng5+ Ke7 32. Qh7+ Kf6 33. Qh6+
Rg6 34. Rf2+ Ke7 35. Qxg6 Nc5 36. Qg7+ Kd6 37. Nf7+ Kc7 38. Nxd8+ Kb6 39. Bc2
Qe8 40. Qd4 e5 41. Rf6+ Kc7 42. Qxc5+ Kb8 43. Nc6+ Kc7 44. Nxa7+ Kd8 45. Qd6+
Qd7 46. Rf8# 1-0

[Event "London Chess Classic FIDE Open"]
[Site "London ENG"]
[Date "2010.12.15"]
[Round "9"]
[White "Tozer, Philip"]
[Black "Dukaczewski, Piotr"]
[Result "0-1"]
[BlackTitle "IM"]
[WhiteElo "2123"]
[BlackElo "2297"]
[WhiteFideId "419982"]
[BlackFideId "1103520"]
[EventDate "2010.12.08"]

1. c4 g6 2. g3 Bg7 3. Nc3 d6 4. Bg2 f5 5. d3 Nf6 6. e4 O-O 7. Nge2 e5 8. O-O Nc6
9. Nd5 Nxd5 10. cxd5 Nd4 11. Nxd4 exd4 12. Qb3 Rb8 13. Bd2 Rf7 14. Rac1 fxe4 15.
dxe4 Qe8 16. f4 c5 17. dxc6 Be6 18. Qa3 bxc6 19. Qxd6 Rxb2 20. Ba5 Rxa2 21. Bc7
Rd7 22. Qxc6 d3 23. e5 d2 24. Rb1 Kf7 25. Bd6 Bf8 26. f5 gxf5 27. Bd5 Bxd6 28.
Rxf5+ Kg7 29. Rg5+ Kh6 30. Qc4 Bc5+ 31. Qxc5 Rxd5 0-1

[Event "London Chess Classic FIDE Open"]
[Site "London ENG"]
[Date "2010.12.15"]
[Round "9"]
[White "Fegan, Chris"]
[Black "Afek, Yochanan"]
[Result "0-1"]
[BlackTitle "IM"]
[WhiteElo "2003"]
[BlackElo "2283"]
[WhiteFideId "410047"]
[BlackFideId "2800462"]
[EventDate "2010.12.08"]

1. d4 Nf6 2. Nf3 g6 3. Nc3 d5 4. Bf4 Bg7 5. Qd2 Ne4 6. Nxe4 dxe4 7. Ne5 Be6 8.
e3 O-O 9. Be2 c6 10. O-O f6 11. Nc4 Bf7 12. c3 Nd7 13. Qc2 f5 14. Rad1 b5 15.
Nd2 Qa5 16. f3 exf3 17. Bxf3 Rac8 18. g4 e5 19. Bg5 h6 20. Be7 Rfe8 21. Bb4 Qd8
22. gxf5 Qg5+ 23. Kh1 gxf5 24. Rg1 Qf6 25. Rdf1 exd4 26. exd4 Kh8 27. Bg2 a5 28.
Bxa5 Re2 29. Rxf5 Qe6 30. Rff1 Bg6 31. Qd1 Qe3 32. Re1 Bh5 33. Rxe2 Bxe2 34. Qe1
Nf6 35. Bf1 Bf3+ 36. Nxf3 Qxf3+ 37. Bg2 Qh5 38. Qg3 Qf7 39. Bh3 Rg8 40. Bg2 Qxa2
41. b4 Nd5 42. Be4 Ne7 43. Qd6 Qf2 44. Qg3 Bxd4 45. Qxf2 Bxf2 46. Rxg8+ Kxg8 47.
Bd8 Nd5 48. Bxd5+ cxd5 49. Bf6 Kf7 50. Kg2 Bb6 51. Bh8 Bc7 52. h3 Kg6 53. Kf3
Kf5 54. Bd4 Bd8 55. Bg7 h5 56. Ke3 Bb6+ 57. Bd4 Bc7 58. Bg7 Ke6 59. Bd4 Kf5 0-1

[Event "London Chess Classic FIDE Open"]
[Site "London ENG"]
[Date "2010.12.15"]
[Round "9"]
[White "Prosviriakov, Vladimir"]
[Black "Zymberi, Astrit"]
[Result "1-0"]
[WhiteTitle "IM"]
[WhiteElo "2280"]
[BlackElo "2148"]
[WhiteFideId "2004860"]
[BlackFideId "4700295"]
[EventDate "2010.12.08"]

1. e4 c5 2. Nf3 e6 3. d4 cxd4 4. Nxd4 Nc6 5. Nb5 d6 6. c4 Nf6 7. N1c3 a6 8. Na3
b6 9. Be2 Qc7 10. O-O Bb7 11. Be3 Nb8 12. f3 Nbd7 13. Rc1 Be7 14. Qd2 O-O 15.
Nc2 Rac8 16. Rfd1 Qb8 17. Qe1 Bd8 18. Bf1 Bc7 19. Qh4 Ne5 20. Qf2 Nfd7 21. Nd4
Nf6 22. b3 Rfd8 23. Qh4 d5 24. cxd5 exd5 25. Nf5 Ng6 26. Qh3 dxe4 27. fxe4 Nxe4
28. Nxe4 Bxe4 29. Bxa6 Rxd1+ 30. Rxd1 Re8 31. Nd4 Qa8 32. Bf1 f5 33. Bc4+ Kh8
34. Ne6 Rxe6 35. Bxe6 f4 36. Bf2 f3 37. Bf5 fxg2 38. Bxe4 1-0

[Event "London Chess Classic FIDE Open"]
[Site "London ENG"]
[Date "2010.12.15"]
[Round "9"]
[White "Slavin, Alexei"]
[Black "Hebbes, Tim"]
[Result "1-0"]
[WhiteTitle "IM"]
[WhiteElo "2425"]
[BlackElo "2108"]
[WhiteFideId "24104388"]
[BlackFideId "406570"]
[EventDate "2010.12.08"]

1. d4 Nf6 2. Nf3 e6 3. e3 c5 4. Bd3 d5 5. b3 b6 6. O-O Nc6 7. Bb2 Bb7 8. Nbd2
Rc8 9. a3 Bd6 10. dxc5 bxc5 11. e4 Be7 12. Re1 d4 13. Nc4 Nd7 14. e5 Nb6 15.
Nfd2 Nxc4 16. Nxc4 Na5 17. Qg4 g6 18. Nd2 Nc6 19. Rad1 Qc7 20. Nf3 Rd8 21. Bc1
Rd5 22. Qg3 Bc8 23. Bh6 Rg8 24. h4 Qa5 25. Bd2 Qb6 26. Bc4 Rd8 27. Bg5 Bb7 28.
Qf4 Qc7 29. Bxe7 Nxe7 30. Bb5+ Bc6 31. Bxc6+ Nxc6 32. Ng5 h6 33. Ne4 Rh8 34.
Nxc5 Rd5 35. Qf6 Rh7 36. Nd3 Qe7 37. Qf4 Qxa3 38. Ra1 Qe7 39. Ra6 Qc7 40. Qe4
Rg7 41. Rea1 Rg8 42. R1a4 Nd8 43. Rxd4 Rb5 44. Qa8 Rb8 45. Qf3 Kf8 46. Qf6 Nc6
47. Rc4 Rb6 48. Rxb6 Qxb6 49. Nc5 Ke8 50. Nxe6 Ne7 51. Nc7+ Kf8 52. e6 Rg7 53.
Qf4 Kg8 54. Ne8 Qxe6 55. Nxg7 Kxg7 56. Qe3 1-0

[Event "London Chess Classic FIDE Open"]
[Site "London ENG"]
[Date "2010.12.15"]
[Round "9"]
[White "Rendle, Thomas E"]
[Black "Hagen, Anders Gjerdrum"]
[Result "1-0"]
[WhiteTitle "IM"]
[WhiteElo "2400"]
[BlackElo "2084"]
[WhiteFideId "408760"]
[BlackFideId "1506650"]
[EventDate "2010.12.08"]

1. e4 c5 2. Nc3 Nc6 3. Bb5 Nd4 4. Bc4 e6 5. Nge2 Nf6 6. O-O a6 7. d3 b5 8. Bb3
Nxb3 9. axb3 Bb7 10. f4 d5 11. e5 d4 12. exf6 dxc3 13. f5 e5 14. fxg7 Bxg7 15.
bxc3 f6 16. Ng3 O-O 17. Ne4 Rc8 18. Be3 Qe7 19. c4 Rfd8 20. Qg4 Kh8 21. Rf3 Rg8
22. Qh4 Bf8 23. Raf1 Rc7 24. R1f2 Qd8 25. Qxf6+ Qxf6 26. Nxf6 Bxf3 27. Rxf3 bxc4
28. dxc4 a5 29. Nxg8 Kxg8 30. Rf1 Kf7 31. Ra1 Kf6 32. Bd2 Ra7 33. g4 e4 34. Rxa5
Rxa5 35. Bxa5 h5 36. Bd8+ Ke5 37. f6 hxg4 38. Be7 1-0

[Event "London Chess Classic FIDE Open"]
[Site "London ENG"]
[Date "2010.12.15"]
[Round "9"]
[White "Pedersen, Carsten"]
[Black "Gullaksen, Eirik"]
[Result "1/2-1/2"]
[BlackTitle "IM"]
[WhiteElo "2154"]
[BlackElo "2364"]
[WhiteFideId "1409760"]
[BlackFideId "1500945"]
[EventDate "2010.12.08"]

1. e4 c5 2. Nc3 Nc6 3. g3 g6 4. Bg2 Bg7 5. d3 d6 6. f4 e6 7. Nf3 Nge7 8. O-O O-O
9. Be3 b6 10. d4 d5 11. exd5 Nf5 12. Bf2 Ncxd4 13. Ne5 exd5 14. Nxd5 Be6 15. c4
Rc8 16. Re1 Kh8 17. b4 Nd6 18. bxc5 bxc5 19. Qa4 Qe8 20. Qxa7 Nc2 21. Bxc5 Nxe1
22. Rxe1 Qd8 23. Bb6 Qe8 24. Bc5 Qd8 25. Bb6 1/2-1/2

[Event "London Chess Classic FIDE Open"]
[Site "London ENG"]
[Date "2010.12.15"]
[Round "9"]
[White "Ethelontis, Alexandros N"]
[Black "Webb, Laurence E"]
[Result "0-1"]
[BlackTitle "FM"]
[WhiteElo "2187"]
[BlackElo "2322"]
[WhiteFideId "405469"]
[BlackFideId "402389"]
[EventDate "2010.12.08"]

1. c4 e5 2. g3 Nc6 3. Nc3 f5 4. Nf3 Nf6 5. d4 e4 6. Nh4 d5 7. Bg5 dxc4 8. e3 g6
9. Bxc4 Bg7 10. f3 exf3 11. Qxf3 Na5 12. Bd3 O-O 13. O-O c5 14. d5 c4 15. Bc2
Qb6 16. Rab1 Bd7 17. Ng2 Rae8 18. Bf4 Qc5 19. Rfd1 b5 20. a3 Nb7 21. a4 b4 22.
Nb5 Bxb5 23. axb5 b3 24. Bxb3 cxb3 25. d6 Qxb5 26. Rbc1 Rf7 27. Rc7 Rd7 28. e4
fxe4 29. Qf2 Qb6 30. Be3 Qa6 31. Bf4 Red8 32. Ne3 Nxd6 33. Bxd6 Rxd6 34. Rf1 Rd2
35. Qf4 Qd6 36. Qxd6 R2xd6 37. Rxa7 Nd5 38. Rff7 Bd4 0-1

[Event "London Chess Classic FIDE Open"]
[Site "London ENG"]
[Date "2010.12.15"]
[Round "9"]
[White "Roberson, Peter T"]
[Black "Bass, John W"]
[Result "1/2-1/2"]
[WhiteElo "2291"]
[BlackElo "2064"]
[WhiteFideId "412384"]
[BlackFideId "407925"]
[EventDate "2010.12.08"]

1. e4 c5 2. Nf3 e6 3. c3 d5 4. exd5 Qxd5 5. d4 Nf6 6. a3 Be7 7. Be3 Ng4 8. Bd3
Nxe3 9. fxe3 Nc6 10. O-O O-O 11. Nbd2 b6 12. Be4 Qd7 13. Nc4 Bb7 14. dxc5 Qxd1
15. Rfxd1 Bxc5 16. b4 b5 17. bxc5 bxc4 18. Rab1 Rab8 19. Rxb7 Rxb7 20. Bxc6 Rc7
21. Rd6 Rb8 22. Nd4 Kf8 23. Nc2 Rb1+ 24. Kf2 Rb2 25. Ba4 Rxc5 26. Ra6 Rd5 27.
Ke2 Rd3 28. Rxa7 Rxc3 29. Kd2 Rd3+ 30. Kc1 Rb8 31. Rc7 c3 32. Bc6 Rbd8 33. Bf3
e5 34. e4 f5 35. Rc4 g6 36. Be2 Rd2 37. Bf3 R2d3 38. Be2 Rd2 39. Bf3 R2d3 40.
Be2 1/2-1/2

[Event "London Chess Classic FIDE Open"]
[Site "London ENG"]
[Date "2010.12.15"]
[Round "9"]
[White "Ledger, Dave J"]
[Black "Andreev, Peter"]
[Result "1-0"]
[WhiteTitle "FM"]
[WhiteElo "2261"]
[BlackElo "1864"]
[WhiteFideId "401986"]
[BlackFideId "406350"]
[EventDate "2010.12.08"]

1. e4 c5 2. Nf3 Nc6 3. d4 cxd4 4. Nxd4 Nf6 5. Nc3 e5 6. Ndb5 d6 7. Bg5 a6 8. Na3
b5 9. Bxf6 gxf6 10. Nd5 Bg7 11. Bd3 O-O 12. O-O Be6 13. c4 b4 14. Nc2 a5 15. Qh5
Ne7 16. Nce3 Re8 17. Rfe1 Rc8 18. Nxe7+ Rxe7 19. b3 Rc5 20. Nd5 Re8 21. Re3 Bxd5
22. exd5 e4 23. Rg3 Re5 24. Qg4 Rg5 25. Qxe4 f5 26. Qh4 Qf6 27. Re1 h6 28. Rxg5
hxg5 29. Re8+ Bf8 30. Qh3 Qa1+ 31. Bf1 Qf6 32. Qg3 Rc7 33. h4 g4 34. Qf4 Qxh4
35. Qxf5 Re7 36. g3 Qh6 37. Qxg4+ Kh8 38. Ra8 Re5 39. Kg2 Rh5 40. Rxf8+ 1-0

[Event "London Chess Classic FIDE Open"]
[Site "London ENG"]
[Date "2010.12.15"]
[Round "9"]
[White "Lasinskas, Povilas"]
[Black "White, Michael J R"]
[Result "1-0"]
[WhiteTitle "FM"]
[BlackTitle "FM"]
[WhiteElo "2162"]
[BlackElo "2247"]
[WhiteFideId "12800503"]
[BlackFideId "407380"]
[EventDate "2010.12.08"]

1. d4 Nf6 2. c4 g6 3. Nc3 Bg7 4. Bg5 c5 5. Nf3 cxd4 6. Nxd4 Nc6 7. e3 O-O 8. Be2
Qa5 9. Bxf6 Bxf6 10. Qd2 d6 11. O-O Bd7 12. Rfd1 Bg7 13. Rac1 Rfc8 14. h3 Be8
15. b3 a6 16. Bg4 Rd8 17. Bf3 e6 18. g3 Qc7 19. Bg2 Rab8 20. Nde2 f5 21. Nf4 Kf7
22. h4 Ne5 23. e4 Bc6 24. Qe2 Qe7 25. exf5 gxf5 26. Re1 Re8 27. Nb1 Kg8 28. Rcd1
Rbd8 29. Nd2 Kh8 30. Nf3 Bxf3 31. Bxf3 Rg8 32. Bg2 Rde8 33. Qh5 Qf6 34. Rxd6 Bh6
35. Nh3 b5 36. c5 Rc8 37. Rxe5 Qxe5 38. Qxh6 Rg6 39. Qd2 Qxc5 40. Kh2 a5 41. Ng5
Qc2 42. Rd8+ Rg8 43. Qd4+ 1-0

[Event "London Chess Classic FIDE Open"]
[Site "London ENG"]
[Date "2010.12.15"]
[Round "9"]
[White "Barton, R Alan"]
[Black "Stone, Andrew M"]
[Result "0-1"]
[WhiteElo "2103"]
[BlackElo "2223"]
[WhiteFideId "404233"]
[BlackFideId "404985"]
[EventDate "2010.12.08"]

1. d4 e6 2. Nf3 Nf6 3. e3 c5 4. Bd3 b6 5. O-O Bb7 6. Nbd2 Be7 7. b3 O-O 8. Bb2
d6 9. c4 Nbd7 10. Qe2 Qc7 11. Rad1 Rfe8 12. Bb1 Bf8 13. Rfe1 Rad8 14. e4 cxd4
15. Nxd4 g6 16. Nb5 Qb8 17. Nf3 e5 18. Bc1 a6 19. Nc3 Rc8 20. Bg5 h6 21. Bxf6
Nxf6 22. Na4 Bc6 23. Nb2 Bd7 24. Nd2 Bg4 25. f3 Bd7 26. g4 Nh7 27. Kg2 Be7 28.
Kg3 Ng5 29. h4 Ne6 30. Nd3 Nd4 31. Qf2 Qc7 32. Nb4 Qd8 33. Rh1 a5 34. Nd5 Bc6
35. Kg2 Rb8 36. f4 Ne6 37. f5 Bxd5 38. exd5 Nf4+ 39. Kf1 b5 40. Ne4 bxc4 41.
bxc4 Qc8 42. c5 Qa6+ 43. Kg1 Rxb1 44. Rxb1 Qd3 45. Re1 dxc5 46. d6 Bd8 47. Qe3
Qd5 48. Rh2 gxf5 49. gxf5 Kh7 50. Rd2 Qc6 51. Kh2 Bxh4 52. Rg1 c4 53. f6 Rd8 54.
Rg7+ Kh8 55. Rxf7 c3 56. Rc2 Qc4 57. Rc7 Qe6 58. f7 Rf8 59. R7xc3 0-1

[Event "London Chess Classic FIDE Open"]
[Site "London ENG"]
[Date "2010.12.15"]
[Round "9"]
[White "Doran, Chris"]
[Black "Remmler, Hans-Peter"]
[Result "1/2-1/2"]
[WhiteElo "1988"]
[BlackElo "2209"]
[WhiteFideId "503835"]
[BlackFideId "4623266"]
[EventDate "2010.12.08"]

1. e4 c5 2. Nf3 Nc6 3. d4 cxd4 4. Nxd4 Nf6 5. Nc3 d6 6. Bc4 e6 7. Bb3 Be7 8. Be3
a6 9. a4 Qc7 10. Qe2 O-O 11. O-O Bd7 12. Nxc6 Bxc6 13. f3 Rac8 14. a5 Nd7 15.
Bd4 Rfe8 16. Qf2 Bf6 17. Bxf6 Nxf6 18. Rfd1 1/2-1/2

[Event "London Chess Classic FIDE Open"]
[Site "London ENG"]
[Date "2010.12.15"]
[Round "9"]
[White "Grochowalski, Pawel"]
[Black "Grant, Jonathan I M"]
[Result "0-1"]
[WhiteElo "2062"]
[BlackElo "2201"]
[WhiteFideId "1115197"]
[BlackFideId "2400294"]
[EventDate "2010.12.08"]

1. d4 Nf6 2. c4 e6 3. g3 Bb4+ 4. Bd2 Qe7 5. Bg2 Nc6 6. e3 O-O 7. Ne2 e5 8. d5
Bxd2+ 9. Qxd2 Nb8 10. O-O d6 11. h3 Re8 12. Nbc3 a5 13. f4 Na6 14. g4 h5 15. g5
Nh7 16. h4 exf4 17. exf4 Bg4 18. Rae1 Qd7 19. Kh2 Nf8 20. Nd4 Ng6 21. Kg3 Nc5
22. b3 Bf5 23. Nxf5 Qxf5 24. Bh3 Qd3+ 25. Qxd3 Nxd3 26. Re4 Nc5 27. Ree1 Rxe1
28. Rxe1 Nxf4 29. Re7 Nxh3 30. Kxh3 Na6 31. g6 fxg6 32. Nb5 Kf8 33. Rd7 Re8 34.
Nxc7 Nxc7 35. Rxc7 Re3+ 36. Kg2 Re2+ 37. Kg3 Rxa2 38. Rxb7 a4 39. bxa4 Rxa4 40.
Rd7 Rxc4 41. Rxd6 Rg4+ 42. Kh3 Ke7 43. Re6+ Kf7 44. Rd6 g5 45. hxg5 Rxg5 46. Kh4
Rf5 47. Rd7+ Kf8 48. Rd8+ Ke7 49. Rg8 Kf7 50. Rd8 g6 51. Rd7+ Kf6 52. Rd6+ Kg7
53. Rd7+ Rf7 54. Rd6 Rf4+ 55. Kg3 Rd4 56. Rd8 Kf6 57. Kh3 Kg5 58. d6 Rd3+ 59.
Kh2 Kg4 60. d7 Rd2+ 61. Kg1 g5 62. Kf1 h4 63. Ke1 Rd6 64. Kf2 h3 65. Ke3 h2 66.
Rh8 Kg3 0-1

[Event "London Chess Classic FIDE Open"]
[Site "London ENG"]
[Date "2010.12.15"]
[Round "9"]
[White "Stoma, Pawel"]
[Black "Kamis, Kamarunsalehin"]
[Result "1-0"]
[WhiteElo "2351"]
[BlackElo "1825"]
[WhiteFideId "1113569"]
[BlackFideId "10500170"]
[EventDate "2010.12.08"]

1. e4 c5 2. Nf3 Nc6 3. Bb5 g6 4. O-O Bg7 5. c3 e6 6. d4 cxd4 7. cxd4 a6 8. Bxc6
dxc6 9. Nc3 Nf6 10. e5 Nd5 11. Ne4 O-O 12. Bg5 Qc7 13. Rc1 b6 14. Qd2 f6 15. Bh6
fxe5 16. Nxe5 Bxh6 17. Qxh6 Bb7 18. Ng5 Rae8 19. Rfe1 Rf4 20. Nxc6 Bxc6 21. Rxe6
Rxe6 22. Nxe6 Qf7 23. Rxc6 Qd7 24. Rd6 1-0

[Event "London Chess Classic FIDE Open"]
[Site "London ENG"]
[Date "2010.12.15"]
[Round "9"]
[White "Zhou, Yang-Fan"]
[Black "Milnes, Anthony C P"]
[Result "1-0"]
[WhiteTitle "FM"]
[WhiteElo "2326"]
[BlackElo "2080"]
[WhiteFideId "468584"]
[BlackFideId "409634"]
[EventDate "2010.12.08"]

1. e4 e6 2. d3 d5 3. Qe2 Nf6 4. Nf3 Nc6 5. e5 Nd7 6. g3 f6 7. exf6 Qxf6 8. Bh3
Nde5 9. Nxe5 Qxe5 10. Qxe5 Nxe5 11. f4 Nc6 12. Nd2 Bd6 13. Bg2 Nd4 14. Kd1 e5
15. h3 exf4 16. Bxd5 fxg3 17. Nc4 Nf5 18. Nxd6+ cxd6 19. c3 Kd8 20. Bf4 Re8 21.
Kd2 Bd7 22. Rhg1 Bc6 23. Bxc6 bxc6 24. Bxg3 Nxg3 25. Rxg3 Re7 26. Rag1 g6 27.
Re3 Kd7 28. Rxe7+ Kxe7 29. Rg5 Rd8 30. Ra5 Rd7 31. b4 Kf6 32. Ke3 g5 33. a4 h5
34. c4 Rb7 35. Ra6 Rxb4 36. Rxc6 Rb6 37. Rc8 Ra6 38. Rh8 Kg6 39. Rd8 Kf5 40.
Rf8+ Kg6 41. Ke4 Rxa4 42. Kd5 Ra3 43. d4 Ra6 44. Ke6 Rc6 45. Kd5 Ra6 46. Ke6 Rc6
47. Rg8+ Kh6 48. Kd5 Ra6 49. c5 dxc5 50. dxc5 Ra3 51. c6 Rxh3 52. c7 Rc3 53.
c8=Q Rxc8 54. Rxc8 h4 55. Ke4 Kh5 56. Kf5 1-0

[Event "London Chess Classic FIDE Open"]
[Site "London ENG"]
[Date "2010.12.15"]
[Round "9"]
[White "Hadi, Justin"]
[Black "Hodgson, John H"]
[Result "0-1"]
[WhiteElo "2043"]
[BlackElo "2206"]
[WhiteFideId "409154"]
[BlackFideId "403520"]
[EventDate "2010.12.08"]

1. d4 Nf6 2. Bf4 g6 3. e3 Bg7 4. Nf3 O-O 5. Be2 d6 6. h3 Nbd7 7. O-O Ne4 8. Nbd2
Nxd2 9. Qxd2 e5 10. dxe5 Nxe5 11. Nxe5 dxe5 12. Qxd8 Rxd8 13. Bg3 Bf5 14. Rfc1
Rd2 15. Bd1 e4 16. Rab1 Be6 17. b3 c6 18. Kf1 b5 19. Bc7 Bc3 20. a4 Rd7 21. Bg3
bxa4 22. bxa4 Bd2 23. Be2 Bxc1 24. Rxc1 Rd5 25. Bc4 Rc5 26. Bxe6 fxe6 27. c4 Rd8
28. Bc7 Rd7 29. Bb8 Kf7 30. Ke2 e5 31. f4 exf3+ 32. Kxf3 Ke6 33. Rb1 Rxc4 34. a5
e4+ 35. Kg3 Rc5 36. a6 Rb5 0-1

[Event "London Chess Classic FIDE Open"]
[Site "London ENG"]
[Date "2010.12.15"]
[Round "9"]
[White "Harari, Zaki"]
[Black "Seymour, Timothy P"]
[Result "1-0"]
[WhiteElo "2197"]
[BlackElo "2052"]
[WhiteFideId "2002639"]
[BlackFideId "412112"]
[EventDate "2010.12.08"]

1. d4 f5 2. e4 fxe4 3. Nc3 Nf6 4. Bg5 Nc6 5. d5 Ne5 6. Qd4 Nf7 7. Bxf6 exf6 8.
Nxe4 f5 9. Ng3 g6 10. O-O-O Bh6+ 11. Kb1 O-O 12. h4 Bg7 13. Qd2 Qf6 14. c3 b5
15. Nf3 Rb8 16. h5 Rb6 17. hxg6 hxg6 18. Nd4 a6 19. Qf4 Rd6 20. Bd3 Bb7 21.
Ngxf5 gxf5 22. Nxf5 Rxd5 23. Qh2 Re8 24. Qh7+ Kf8 25. Rde1 Rde5 26. Re3 Ng5 27.
Qh5 Rxe3 28. fxe3 Be4 29. Bxe4 Nxe4 30. Rh4 Qg5 31. Nxg7 Qxg7 32. Rxe4 Rxe4 33.
Qf5+ Qf7 34. Qxe4 Qf1+ 35. Kc2 Qe2+ 36. Kc1 Qe1+ 37. Kc2 Qe2+ 38. Kb3 Qd1+ 39.
Ka3 Qd6+ 40. Qb4 Qxb4+ 1-0